| Tag |
First Indicator |
Second Indicator |
Subfields |
| LEADER |
00000cam a22000008a 4500 |
| 001 |
in00000990992 |
| 005 |
20150927180304.0 |
| 008 |
900803s1990 enk b 00110 eng |
| 010 |
|
|
|a 90005131
|
| 020 |
|
|
|z 0710303855
|
| 035 |
|
|
|a (OCoLC)22277630
|
| 035 |
|
|
|9 AEY9569AM
|
| 040 |
|
|
|a DLC
|c DLC
|d TXA
|d UtOrBLW
|
| 043 |
|
|
|a a-su---
|
| 049 |
|
|
|a TXAM
|
| 050 |
0 |
0 |
|a DS204
|b .F37 1990
|
| 082 |
0 |
0 |
|a 953.8
|2 20
|
| 100 |
1 |
|
|a Farsy, Fouad,
|d 1946-
|
| 245 |
1 |
0 |
|a Modernity and tradition :
|b the Saudi equation /
|c Fouad Al- Farsy.
|
| 263 |
|
|
|a 9009
|
| 264 |
|
1 |
|a London ;
|a New York :
|b K. Paul International,
|c 1990.
|
| 300 |
|
|
|a 337 pages :
|b illustrations
|
| 336 |
|
|
|a text
|b txt
|2 rdacontent
|
| 337 |
|
|
|a unmediated
|b n
|2 rdamedia
|
| 338 |
|
|
|a volume
|b nc
|2 rdacarrier
|
| 504 |
|
|
|a Includes bibliographical references and index.
|
| 651 |
|
0 |
|a Saudi Arabia.
|
| 999 |
|
|
|a MARS
|
| 999 |
f |
f |
|s a541a553-1202-38f1-bb6f-bc53da46eeae
|i c9078c22-1338-3a58-817f-a31f17a23aa6
|t 0
|
| 952 |
f |
f |
|p ric
|a Texas A&M University
|b Rellis Campus
|c Joint Library Facility
|d Remote Storage
|t 0
|e DS204 .F37 1990
|h Library of Congress classification
|i unmediated -- volume
|m A14814697010
|
| 998 |
f |
f |
|a DS204 .F37 1990
|t 0
|l Remote Storage
|